Guess The NFL Team - Statistics

General Stats
  • This quiz has been taken 37 times
  • The average score is 19 of 32
Answer Stats
Clue Answer % Correct
Lost 4 straight Super Bowls in the 90's. Bills
96%
Won the first ever Super Bowl. Packers
81%
Left their home city twice, most recently in 2020. Raiders
81%
Team name is based on the California Gold Rush. 49ers
78%
Their starting QB got injured, the backup proceeded to win the most Super Bowls ever. Patriots
78%
Known as "America's Team". Cowboys
74%
Their fan base is known as the "12s". Seahawks
74%
Had to change their name among controversy. Commanders
70%
They play "Sweet Caroline" after every home win. Panthers
70%
Youngest NFL franchise, they started playing in 2002.. Texans
70%
First team to reach 6 Super Bowl wins. Steelers
67%
Defense was nicknamed "Purple People Eaters" in the 70s. Vikings
67%
Became the Baltimore Ravens before rejoining the league a few years later. Browns
63%
Had the nickname "Dirty Birds" in the late 90s. Falcons
63%
Won the Super Bowl in 1969 and haven't returned since. Jets
63%
Famously came up just 1 yard short in the Super Bowl. Titans
63%
Play in the oldest active NFL stadium. Bears
59%
Shared the same city and name as a baseball team at one point. Giants
59%
Started their franchise with a 26-game losing streak. Buccaneers
56%
Famously play in London every year. Jaguars
56%
This team's mascot is called "Who Dey". Bengals
52%
Furthest team south despite not playing in a southern division. Dolphins
52%
Oldest franchise to never even appear in a Super Bowl. Lions
52%
Used to be called the "Dallas Texans". Chiefs
48%
This team temporarily merged with the Steelers during World War II. Eagles
44%
Had the youngest head coach to ever win a Super Bowl. Rams
44%
Oldest NFL franchise dating back to the 1800s. Cardinals
41%
This 1996 expansion team is undefeated in the Super Bowl. Ravens
41%
Blown out in their lone Super Bowl appearance (1994). Chargers
37%
Colors were originally yellow and brown before switching in 1962. Broncos
26%
One of two teams to win a Super Bowl in two different cities. Colts
19%
Didn't make the playoffs for the first 20 years of being a franchise. Saints
19%
No matching quizzes found
Score Distribution
Percent of People with Each Score
Percentile by Number Answered
Your Score History
You have not taken this quiz